[Event "CHI-chT"]
[Site "Chile"]
[Date "2023.11.09"]
[Round "5.1"]
[White "Donoso Diaz, Sebastian"]
[Black "Riquelme Cifuentes, Esteban"]
[Result "1-0"]
[WhiteElo "2172"]
[BlackElo "1699"]
[PlyCount "51"]
[EventDate "2023.11.07"]
[EventType "team-tourn"]
[EventRounds "7"]
[EventCountry "CHI"]
[SourceTitle "CB46_2023"]
[SourceDate "2023.11.15"]
[SourceVersion "1"]
[SourceVersionDate "2023.11.15"]
[SourceQuality "1"]
[WhiteTeam "PUC"]
[BlackTeam "UACH"]
[WhiteTeamCountry "CHI"]
[BlackTeamCountry "CHI"]

1. d4 Nf6 2. c4 g6 3. Nc3 Bg7 4. e4 d6 5. h3 0-0 6. Be3 e5 7. d5 Nbd7 8. Nf3 Qe7 9. g4 Nc5 10. Nd2 a5 11. Be2 Nfd7 12. h4 f5 13. exf5 gxf5 14. gxf5 Rxf5 15. h5 h6 16. Rg1 Kh8 17. Qc2 Nf6 18. 0-0-0 Bd7 19. Rg6 Qf8 20. Rdg1 Ne8 21. Nde4 Rf7 22. Bg4 Bxg4 23. R6xg4 Rf5 24. Rxg7 Nxg7 25. Bxh6 Rf7 26. Ng5 1-0

[Event "CHI-chT"]
[Site "Chile"]
[Date "2023.11.07"]
[Round "1.1"]
[White "Zamora Parada, Cristobal"]
[Black "Donoso Diaz, Sebastian"]
[Result "0-1"]
[WhiteElo "1412"]
[BlackElo "2172"]
[PlyCount "42"]
[EventDate "2023.11.07"]
[EventType "team-tourn"]
[EventRounds "7"]
[EventCountry "CHI"]
[SourceTitle "CB46_2023"]
[SourceDate "2023.11.15"]
[SourceVersion "1"]
[SourceVersionDate "2023.11.15"]
[SourceQuality "1"]
[WhiteTeam "UTEM"]
[BlackTeam "PUC"]
[WhiteTeamCountry "CHI"]
[BlackTeamCountry "CHI"]

1. e4 c6 2. Nf3 d5 3. Nc3 dxe4 4. Nxe4 Nf6 5. Ng3 e6 6. Bc4 Be7 7. Qe2 0-0 8. d3 Nbd7 9. 0-0 b5 10. Bb3 Nc5 11. d4 Nxb3 12. axb3 Bb7 13. Rb1 a6 14. c4 h6 15. Bf4 Rc8 16. h3 Qb6 17. c5 Qd8 18. Bd2 Qd5 19. b4 Bd8 20. Ne5 Bc7 21. Bc3 Rce8 0-1

[Event "FISU World University"]
[Site "Tornelo INT"]
[Date "2020.10.28"]
[Round "9.26"]
[White "Donoso Diaz, Sebastian"]
[Black "Gonzalez Lopez, Nicolas Mateo"]
[Result "1-0"]
[WhiteElo "2192"]
[BlackElo "2200"]
[PlyCount "99"]
[EventDate "2020.10.26"]
[EventType "team-swiss (rapid)"]
[EventRounds "9"]
[EventCountry "NET"]
[SourceTitle "CBM 199 Extra"]
[Source "ChessBase"]
[SourceDate "2021.01.31"]
[SourceVersion "1"]
[SourceVersionDate "2021.01.31"]
[SourceQuality "1"]
[WhiteTeam "Chile V"]
[BlackTeam "Colombia V"]
[WhiteTeamCountry "CHI"]
[BlackTeamCountry "COL"]

1. d4 Nf6 2. c4 g6 3. Nc3 Bg7 4. e4 d6 5. h3 0-0 6. Be3 e5 7. d5 Na6 8. Nf3 Nc5 9. Nd2 a5 10. g4 h5 11. g5 Nh7 12. h4 f6 13. gxf6 Bxf6 14. Rg1 Bg4 15. Rxg4 hxg4 16. Qxg4 Bxh4 17. Nf3 Bf6 18. 0-0-0 Qd7 19. Qxg6+ Kh8 20. Qh5 Rg8 21. Bxc5 dxc5 22. Nxe5 Bxe5 23. Qxe5+ Qg7 24. Qh2 Rae8 25. Bd3 Qg2 26. Rh1 Qxh2 27. Rxh2 Rg1+ 28. Kd2 Kg8 29. f4 Rg4 30. e5 Nf8 31. Ne2 Re7 32. Bf5 Rgg7 33. Ke3 Ref7 34. Ke4 b6 35. b3 Re7 36. a3 Re8 37. Kf3 Ng6 38. Bxg6 Rxg6 39. f5 Rg7 40. e6 Kf8 41. f6 Rg6 42. Rh8+ Rg8 43. Rxg8+ Kxg8 44. f7+ Kf8 45. fxe8Q+ Kxe8 46. Ng3 Ke7 47. Kg4 c6 48. Nf5+ Kf6 49. dxc6 Kxe6 50. Kf4 1-0

[Event "FISU World University"]
[Site "Tornelo INT"]
[Date "2020.10.28"]
[Round "8.29"]
[White "Isakjanov, Kelsinbek"]
[Black "Donoso Diaz, Sebastian"]
[Result "0-1"]
[WhiteElo "2070"]
[BlackElo "2192"]
[PlyCount "88"]
[EventDate "2020.10.26"]
[EventType "team-swiss (rapid)"]
[EventRounds "9"]
[EventCountry "NET"]
[SourceTitle "CBM 199 Extra"]
[Source "ChessBase"]
[SourceDate "2021.01.31"]
[SourceVersion "1"]
[SourceVersionDate "2021.01.31"]
[SourceQuality "1"]
[WhiteTeam "Kyrgyzstan"]
[BlackTeam "Chile V"]
[WhiteTeamCountry "KGZ"]
[BlackTeamCountry "CHI"]

1. d4 d5 2. c4 dxc4 3. e3 e5 4. Bxc4 exd4 5. Nf3 Nf6 6. 0-0 Be7 7. Qb3 0-0 8. Ne5 Qe8 9. exd4 Nc6 10. Nxc6 Qxc6 11. Bg5 Qd7 12. Re1 a6 13. a4 Rb8 14. Nc3 b5 15. axb5 axb5 16. Bxb5 Qg4 17. Rxe7 Qxg5 18. Re5 Qh4 19. Qc2 Ng4 20. h3 Nxe5 21. dxe5 Bb7 22. Bf1 Rfe8 23. Ra5 Qb4 24. Rb5 Qe7 25. Qb3 c6 26. Rb6 Qc7 27. f4 Ba8 28. Na4 Rxb6 29. Qxb6 Qxb6+ 30. Nxb6 Rb8 31. Nc4 c5 32. f5 Bd5 33. Ne3 Ba2 34. Bc4 Bxc4 35. Nxc4 Rb4 36. b3 Rxb3 37. Kf2 Kf8 38. f6 gxf6 39. exf6 Rb4 40. Ne5 Ke8 41. Ke3 Rb6 42. Nd3 c4 43. Ne5 Re6 44. Kd4 Rxe5 0-1

[Event "FISU World University"]
[Site "Tornelo INT"]
[Date "2020.10.27"]
[Round "5.30"]
[White "Palacio, Enzo"]
[Black "Donoso Diaz, Sebastian"]
[Result "0-1"]
[WhiteElo "1896"]
[BlackElo "2192"]
[PlyCount "124"]
[EventDate "2020.10.26"]
[EventType "team-swiss (rapid)"]
[EventRounds "9"]
[EventCountry "NET"]
[SourceTitle "CBM 199 Extra"]
[Source "ChessBase"]
[SourceDate "2021.01.31"]
[SourceVersion "1"]
[SourceVersionDate "2021.01.31"]
[SourceQuality "1"]
[WhiteTeam "Uruguay"]
[BlackTeam "Chile V"]
[WhiteTeamCountry "URU"]
[BlackTeamCountry "CHI"]

1. e4 c5 2. Nf3 e6 3. d4 cxd4 4. Nxd4 Nc6 5. Nc3 Qc7 6. Be3 a6 7. Be2 Nf6 8. 0-0 Be7 9. a4 b6 10. Qd2 Bb7 11. f3 0-0 12. Rfd1 Rfd8 13. Bc4 Nxd4 14. Bxd4 Qxc4 15. Bxb6 Bc5+ 16. Bxc5 Qxc5+ 17. Kh1 h6 18. a5 Bc6 19. Na4 Bxa4 20. Rxa4 Rac8 21. c3 Rb8 22. b4 Qh5 23. c4 d5 24. b5 axb5 25. cxb5 Rxb5 26. a6 Rbb8 27. a7 Ra8 28. Rb1 Qe5 29. Qa5 Nd7 30. Rb7 Qd6 31. exd5 Qxd5 32. Qxd5 exd5 33. Ra5 Nf6 34. Rab5 Kh7 35. Rxf7 d4 36. Rbb7 Ne8 37. Rfd7 Rxd7 38. Rxd7 d3 39. Kg1 d2 40. Kf2 Nf6 41. Rxd2 Rxa7 42. h4 Rd7 43. Ra2 Rd4 44. g3 Nd5 45. h5 Nc3 46. Rc2 Rd3 47. g4 Nb5 48. Kg3 Rxf3+ 49. Kxf3 Nd4+ 50. Kf4 Nxc2 51. g5 Nd4 52. gxh6 Kxh6 53. Kg4 Nb3 54. Kh4 Nd2 55. Kg4 Nf1 56. Kh4 Ne3 57. Kh3 Kxh5 58. Kg3 Nc4 59. Kh3 Na5 60. Kg3 Kg5 61. Kh3 Kf4 62. Kg2 g6 0-1

[Event "Online Olym Div2 D"]
[Site "Chess.com INT"]
[Date "2020.08.15"]
[Round "6.5"]
[White "Donoso Diaz, Sebastian"]
[Black "Gokerkan, Cem Kaan"]
[Result "1/2-1/2"]
[WhiteElo "2192"]
[BlackElo "2461"]
[PlyCount "130"]
[EventDate "2020.08.14"]
[EventType "team-tourn (rapid)"]
[EventRounds "9"]
[EventCountry "USA"]
[SourceTitle "CBM 198"]
[Source "ChessBase"]
[SourceDate "2020.10.31"]
[SourceVersion "1"]
[SourceVersionDate "2020.10.31"]
[SourceQuality "1"]
[WhiteTeam "Chile"]
[BlackTeam "Turkey"]
[WhiteTeamCountry "CHI"]
[BlackTeamCountry "TUR"]

1. c4 e6 2. Nf3 Nf6 3. e3 d5 4. b3 Be7 5. Bb2 0-0 6. Nc3 c5 7. cxd5 Nxd5 8. Qc2 Nc6 9. a3 b6 10. h4 f5 11. Nxd5 exd5 12. d4 Be6 13. Ba6 Qd6 14. g3 f4 15. gxf4 Bf5 16. Bd3 Bxd3 17. Qxd3 cxd4 18. Bxd4 Nxd4 19. Nxd4 Bf6 20. b4 Rad8 21. Rc1 Qd7 22. Kd2 a5 23. h5 axb4 24. h6 g6 25. axb4 Ra8 26. Ra1 Qd6 27. b5 Rac8 28. Ke2 Rc4 29. Rac1 Ra4 30. Nc6 Re8 31. Kf3 Qe6 32. Rcd1 Qe4+ 33. Qxe4 dxe4+ 34. Kg3 Ra2 35. Rd6 Kf7 36. Rd7+ Kg8 37. Rb7 g5 38. Rg1 Kh8 39. f5 Bb2 40. Rd1 Ba3 41. Rdd7 Bf8 42. Nd4 Kg8 43. f6 Rea8 44. Nf5 Rb2 45. Rg7+ Kh8 46. Rxh7+ Kg8 47. Rhg7+ Kh8 48. f7 Rxb5 49. Rg8+ Kh7 50. Rxg5 Rba5 51. Kf4 R5a7 52. Rxa7 Rxa7 53. Rg7+ Bxg7 54. hxg7 Rxf7 55. Kxe4 Ra7 56. f4 b5 57. Nd4 b4 58. Kd3 Ra3+ 59. Kd2 Kxg7 60. e4 b3 61. Kc3 Ra4 62. Nf5+ Kf6 63. Ng3 Rxe4 64. Nxe4+ Kf5 65. Kxb3 Kxf4 1/2-1/2

[Event "Titled Tuesday intern op 7th Januar"]
[Site "Chess.com INT"]
[Date "2020.01.07"]
[Round "5"]
[White "Tejedor Fuente, Enrique"]
[Black "Donoso Diaz, Sebastian"]
[Result "1-0"]
[WhiteElo "2453"]
[BlackElo "2211"]
[PlyCount "73"]
[EventDate "2020.01.07"]
[EventType "swiss (blitz)"]
[EventRounds "10"]
[EventCountry "USA"]
[SourceTitle "EXT 2021"]
[Source "ChessBase"]
[SourceDate "2020.10.23"]
[SourceVersion "1"]
[SourceVersionDate "2020.10.23"]
[SourceQuality "1"]

1. d4 d5 2. Nf3 Nf6 3. Bf4 e6 4. e3 Bd6 5. Bg3 0-0 6. Nbd2 c5 7. c3 Qc7 8. Ne5 Nc6 9. f4 Ne7 10. Bd3 b5 11. Rc1 c4 12. Bb1 b4 13. 0-0 bxc3 14. bxc3 Rb8 15. Bh4 Rb2 16. Rf2 Ng6 17. Bxf6 gxf6 18. Ng4 f5 19. Nf6+ Kg7 20. Nh5+ Kh8 21. Nf3 Rxf2 22. Kxf2 Be7 23. Qg1 Bd7 24. g4 fxg4 25. Qxg4 e5 26. f5 e4 27. Ng5 Qxh2+ 28. Ke1 Qh1+ 29. Kd2 Qh2+ 30. Kd1 h6 31. Nxf7+ Rxf7 32. Qxg6 Ba4+ 33. Bc2 Qh1+ 34. Kd2 Qh2+ 35. Kd1 Rh7 36. Bxa4 Bg5 37. Qe8# 1-0

[Event "Rio de Janeiro Duchamp op 3rd"]
[Site "Rio de Janeiro"]
[Date "2019.12.07"]
[Round "1"]
[White "Carneiro, Luis Guilherme Rosa"]
[Black "Donoso Diaz, Sebastian"]
[Result "0-1"]
[WhiteElo "1808"]
[BlackElo "2234"]
[PlyCount "116"]
[EventDate "2019.12.07"]
[EventType "swiss"]
[EventRounds "9"]
[EventCountry "BRA"]
[SourceTitle "EXT 2021"]
[Source "ChessBase"]
[SourceDate "2020.10.23"]
[SourceVersion "1"]
[SourceVersionDate "2020.10.23"]
[SourceQuality "1"]

1. e4 c5 2. Nf3 e6 3. d4 cxd4 4. Nxd4 a6 5. Be2 Nf6 6. Nc3 Qc7 7. a3 b5 8. f3 Nc6 9. Nxc6 dxc6 10. Be3 Bd6 11. g3 Bb7 12. Bf2 h5 13. Qd2 0-0-0 14. Qe3 h4 15. Rg1 hxg3 16. Bxg3 e5 17. 0-0-0 Nh5 18. Bf2 Nf4 19. Rxg7 Ne6 20. Rxd6 Rxd6 21. Rg2 Nf4 22. Rg7 Rxh2 23. Bg3 Nxe2+ 24. Nxe2 Rh1+ 25. Ng1 Qd8 26. Qe1 f6 27. Bf2 Rd7 28. Rg4 Rh2 29. Be3 Rh1 30. Bf2 Qf8 31. Qf1 Qf7 32. b3 a5 33. Kb2 a4 34. b4 Rh8 35. Qe2 Rhd8 36. Be3 Ba6 37. f4 c5 38. Nf3 cxb4 39. axb4 Rd1 40. Rg1 Rxg1 41. Nxg1 exf4 42. Bxf4 Qc4 43. Qg4+ Kb7 44. Qg7+ Ka8 45. Qxf6 Qxb4+ 46. Ka2 Qc4+ 47. Kb2 Qd4+ 48. Qxd4 Rxd4 49. Nf3 Rxe4 50. Bd2 Bb7 51. Ne1 Re2 52. Bb4 Be4 53. Kc1 Kb7 54. Kd1 Rh2 55. Bd6 Rh3 56. Kc1 Kc6 57. Bb4 Kd5 58. Kd2 Kc4 0-1

[Event "South America-ch U18 16th"]
[Site "Buenos Aires"]
[Date "2019.12.05"]
[Round "7.8"]
[White "Geslin, Ezequiel"]
[Black "Donoso Diaz, Sebastian"]
[Result "0-1"]
[WhiteElo "2001"]
[BlackElo "2234"]
[PlyCount "110"]
[EventDate "2019.12.01"]
[EventType "swiss"]
[EventRounds "9"]
[EventCountry "ARG"]
[SourceTitle "EXT 2024"]
[Source "ChessBase"]
[SourceDate "2023.10.10"]
[SourceVersion "1"]
[SourceVersionDate "2023.10.10"]
[SourceQuality "1"]

1. e4 c5 2. c3 Nf6 3. e5 Nd5 4. d4 cxd4 5. Nf3 e6 6. cxd4 Nc6 7. Bc4 d6 8. 0-0 Be7 9. Qe2 0-0 10. Rd1 Na5 11. Nc3 Nxc3 12. bxc3 Nxc4 13. Qxc4 d5 14. Qb3 b6 15. a4 a5 16. Ba3 Bxa3 17. Qxa3 Ba6 18. Rdb1 Rc8 19. Rb3 Rc6 20. Rab1 Qc7 21. Qb2 Bd3 22. Rd1 Bc4 23. Ra3 Rc8 24. Nd2 Bd3 25. Rc1 Rb8 26. h3 h6 27. Rb3 Qe7 28. Re1 Qc7 29. Re3 Ba6 30. f4 Bc4 31. Nxc4 Rxc4 32. Ra3 Qc6 33. Qa1 Rc8 34. g4 Ra8 35. f5 b5 36. axb5 Qxb5 37. Rf3 a4 38. f6 Rb8 39. Rf1 Qb2 40. Qxb2 Rxb2 41. Rfa1 gxf6 42. exf6 Kh7 43. Rxa4 Rxc3 44. R4a3 Rcc2 45. Rf3 Rg2+ 46. Kh1 Rgd2 47. Rg3 Kg6 48. h4 Rxd4 49. Rf1 Rbb4 50. Rfg1 Kxf6 51. g5+ hxg5 52. hxg5+ Kg6 53. R1g2 Rb1+ 54. Rg1 Rxg1+ 55. Kxg1 Rf4 0-1

[Event "South America-ch U18 16th"]
[Site "Buenos Aires"]
[Date "2019.12.04"]
[Round "6.6"]
[White "Donoso Diaz, Sebastian"]
[Black "Benitez Galeano, Alejandro"]
[Result "0-1"]
[WhiteElo "2234"]
[BlackElo "2177"]
[PlyCount "84"]
[EventDate "2019.12.01"]
[EventType "swiss"]
[EventRounds "9"]
[EventCountry "ARG"]
[SourceTitle "EXT 2024"]
[Source "ChessBase"]
[SourceDate "2023.10.10"]
[SourceVersion "1"]
[SourceVersionDate "2023.10.10"]
[SourceQuality "1"]

1. c4 Nf6 2. Nc3 e6 3. Nf3 b6 4. e3 Bb7 5. d4 d5 6. cxd5 exd5 7. Qc2 a6 8. g3 Bd6 9. Bg2 0-0 10. 0-0 Re8 11. b3 Qe7 12. Bb2 Nbd7 13. Ne2 Ne4 14. Nf4 a5 15. Nd3 f6 16. Rfe1 Kh8 17. Rac1 Nf8 18. Qd1 a4 19. Re2 Ne6 20. Rec2 Qd7 21. b4 a3 22. Ba1 Ra4 23. Bh3 Ba6 24. Nde5 Qb5 25. Nc6 Qd3 26. Qe1 N4g5 27. Bg2 Qf5 28. Nh4 Qg4 29. Bxd5 Nf4 30. exf4 Nh3+ 31. Kh1 Rxe1+ 32. Rxe1 Qc8 33. Bf7 Bd3 34. Rd2 Ra8 35. Re3 Qd7 36. d5 Qxf7 37. Rexd3 Re8 38. Ng2 Qg6 39. Bd4 Bxf4 40. Be3 Bxe3 41. fxe3 Nf2+ 42. Rxf2 Qxd3 0-1

[Event "Titled Tuesday intern op 5th Nov"]
[Site "Chess.com INT"]
[Date "2019.11.05"]
[Round "8"]
[White "Ali Marandi, Cemil Can"]
[Black "Donoso Diaz, Sebastian"]
[Result "1-0"]
[WhiteElo "2537"]
[BlackElo "2234"]
[PlyCount "69"]
[EventDate "2019.11.05"]
[EventType "swiss (blitz)"]
[EventRounds "10"]
[EventCountry "USA"]
[SourceTitle "EXT 2021"]
[Source "ChessBase"]
[SourceDate "2020.10.23"]
[SourceVersion "1"]
[SourceVersionDate "2020.10.23"]
[SourceQuality "1"]

1. e4 c5 2. c3 d5 3. exd5 Qxd5 4. d4 Nc6 5. Nf3 Bg4 6. Be2 cxd4 7. cxd4 e6 8. h3 Bf5 9. Nc3 Bb4 10. 0-0 Bxc3 11. bxc3 Nf6 12. Ba3 Qa5 13. Qb3 Qb6 14. Qa4 Qa5 15. Qxa5 Nxa5 16. Bb5+ Nc6 17. Ne5 Rc8 18. Rfe1 a6 19. Bxc6+ bxc6 20. Nc4 Rc7 21. Nd6+ Kd8 22. Bc5 Rd7 23. Bb6+ Rc7 24. Nxf7+ Kd7 25. Nxh8 Rb7 26. Bc5 Nd5 27. Nf7 Nxc3 28. Ne5+ Kc7 29. Rac1 Nxa2 30. Ra1 Rb2 31. Nc4 Rc2 32. Ne3 Rb2 33. Nxf5 exf5 34. Re7+ Kd8 35. Rae1 1-0

[Event "Titled Tuesday intern op 5th Nov"]
[Site "Chess.com INT"]
[Date "2019.11.05"]
[Round "1"]
[White "Donoso Diaz, Sebastian"]
[Black "Astaneh Lopez, Alex"]
[Result "0-1"]
[WhiteElo "2234"]
[BlackElo "2430"]
[PlyCount "62"]
[EventDate "2019.11.05"]
[EventType "swiss (blitz)"]
[EventRounds "10"]
[EventCountry "USA"]
[SourceTitle "EXT 2021"]
[Source "ChessBase"]
[SourceDate "2020.10.23"]
[SourceVersion "1"]
[SourceVersionDate "2020.10.23"]
[SourceQuality "1"]

1. Nf3 Nf6 2. c4 e6 3. e3 c5 4. Nc3 Be7 5. d4 cxd4 6. exd4 d5 7. Bd3 a6 8. 0-0 dxc4 9. Bxc4 b5 10. Bb3 Bb7 11. Re1 0-0 12. Bg5 Nbd7 13. Ne5 b4 14. Na4 Nd5 15. Bxe7 Nxe7 16. Rc1 Rc8 17. Nc5 Nxc5 18. dxc5 Qxd1 19. Rexd1 Bd5 20. Kf1 Rc7 21. Ba4 Rfc8 22. Bd7 Rd8 23. c6 f6 24. Nd3 a5 25. Nc5 Kf7 26. Ke2 Nxc6 27. Nxe6 Rcxd7 28. Nxd8+ Nxd8 29. Rc5 Ke6 30. f4 Nb7 31. Rb5 Bc4+ 0-1

[Event "Titled Tuesday intern op 5th Nov"]
[Site "Chess.com INT"]
[Date "2019.11.05"]
[Round "4"]
[White "Donoso Diaz, Sebastian"]
[Black "Sidorika, Vladislav"]
[Result "1-0"]
[WhiteElo "2234"]
[BlackElo "2301"]
[PlyCount "117"]
[EventDate "2019.11.05"]
[EventType "swiss (blitz)"]
[EventRounds "10"]
[EventCountry "USA"]
[SourceTitle "EXT 2021"]
[Source "ChessBase"]
[SourceDate "2020.10.23"]
[SourceVersion "1"]
[SourceVersionDate "2020.10.23"]
[SourceQuality "1"]

1. Nf3 Nf6 2. c4 b6 3. d4 e6 4. Nc3 Bb4 5. e3 Bb7 6. a3 Be7 7. d5 d6 8. Be2 0-0 9. 0-0 e5 10. b4 a5 11. Bb2 Nbd7 12. Qc2 Ne8 13. e4 g6 14. Nd2 Ng7 15. Bg4 f5 16. exf5 gxf5 17. Bh3 Bg5 18. Rae1 Bh6 19. Nb5 Ba6 20. Nf3 axb4 21. axb4 Bxb5 22. cxb5 Ra7 23. Bc1 Bxc1 24. Rxc1 Qa8 25. Ng5 Qxd5 26. Rfd1 Qxb5 27. Qb3+ d5 28. Rxd5 Ra3 29. Qd1 Qxb4 30. Rxd7 Qf4 31. Qd5+ Kh8 32. Qd2 Qxd2 33. Rxd2 c5 34. Rd7 h6 35. Nf3 e4 36. Nh4 Kh7 37. Nxf5 Rg8 38. Nxg7 Rxg7 39. Bf5+ Kg8 40. Rxg7+ Kxg7 41. Bxe4 Kf6 42. f4 Ra4 43. Re1 b5 44. Bc6 Rb4 45. Re5 Rb1+ 46. Kf2 Rb2+ 47. Kg3 c4 48. Rxb5 Rd2 49. Rc5 Rd3+ 50. Kg4 c3 51. Be4 Rd4 52. Rc6+ Kf7 53. Bf5 Rd2 54. g3 h5+ 55. Kg5 Rxh2 56. Rxc3 Rg2 57. Rc7+ Ke8 58. Kf6 Rxg3 59. Rc8# 1-0

[Event "Wch U20 58th"]
[Site "New Delhi"]
[Date "2019.10.24"]
[Round "10"]
[White "Donoso Diaz, Sebastian"]
[Black "Muthaiah, Al"]
[Result "0-1"]
[WhiteElo "2203"]
[BlackElo "2370"]
[PlyCount "50"]
[EventDate "2019.10.15"]
[EventType "swiss"]
[EventRounds "11"]
[EventCountry "IND"]
[SourceTitle "CBM 192 Extra"]
[Source "Chessbase"]
[SourceDate "2019.11.06"]
[SourceVersion "1"]
[SourceVersionDate "2019.11.06"]
[SourceQuality "1"]

1. c4 e6 2. Nf3 Nf6 3. e3 d5 4. b3 Be7 5. Bb2 b6 6. Nc3 0-0 7. cxd5 exd5 8. d4 Nbd7 9. Bd3 a6 10. 0-0 Bb7 11. Rc1 Bd6 12. Ne2 Qe7 13. Nf4 Ne4 14. Bb1 Ng5 15. Nd3 Nxf3+ 16. Qxf3 Nf6 17. Ne5 Ne4 18. Nc6 Qe8 19. Ne5 f6 20. Nd3 Nd2 21. Qh3 Bc8 22. Qh4 Bf5 23. Rfd1 Nxb1 24. b4 a5 25. bxa5 Rxa5 0-1

[Event "Wch U18"]
[Site "Mumbai"]
[Date "2019.10.02"]
[Round "1"]
[White "Iniyan, Panneerseluam"]
[Black "Donoso Diaz, Sebastian"]
[Result "1-0"]
[WhiteElo "2509"]
[BlackElo "2203"]
[PlyCount "43"]
[EventDate "2019.10.02"]
[EventType "swiss"]
[EventRounds "11"]
[EventCountry "IND"]
[SourceTitle "EXT 2020"]
[Source "ChessBase"]
[SourceDate "2019.10.17"]
[SourceVersion "1"]
[SourceVersionDate "2019.10.17"]
[SourceQuality "1"]

1. d4 d5 2. c4 dxc4 3. e4 e5 4. Nf3 exd4 5. Bxc4 Nc6 6. 0-0 Be6 7. Bxe6 fxe6 8. Qb3 Qd7 9. Qxb7 Rb8 10. Qa6 Bd6 11. Nbd2 Nge7 12. b3 0-0 13. Bb2 e5 14. Ne1 Rf6 15. Rc1 h5 16. Nd3 Rbf8 17. f4 exf4 18. Nf3 Re6 19. Qc4 Kh8 20. e5 Nxe5 21. Nfxe5 Bxe5 22. Nc5 1-0

[Event "Niteroi op 1st"]
[Site "Niteroi"]
[Date "2019.09.05"]
[Round "2"]
[White "Donoso Diaz, Sebastian"]
[Black "Moyses Sobrinho, Elias"]
[Result "1-0"]
[WhiteElo "2193"]
[BlackElo "1904"]
[PlyCount "64"]
[EventDate "2019.09.04"]
[EventType "swiss"]
[EventRounds "7"]
[EventCountry "BRA"]
[SourceTitle "EXT 2020"]
[Source "ChessBase"]
[SourceDate "2019.10.17"]
[SourceVersion "1"]
[SourceVersionDate "2019.10.17"]
[SourceQuality "1"]

1. Nf3 d5 2. e3 Nf6 3. c4 c6 4. Nc3 e6 5. b3 Be7 6. Bb2 0-0 7. Qc2 Nbd7 8. d4 dxc4 9. bxc4 Qa5 10. Bd3 h6 11. 0-0 Qc7 12. e4 e5 13. Ne2 exd4 14. Nexd4 Ng4 15. Be2 Bf6 16. h3 Nge5 17. Nd2 Ng6 18. c5 Nf4 19. Rfe1 Ne5 20. Bf1 Rd8 21. N2b3 Neg6 22. Rad1 Be5 23. Bc1 Qe7 24. Nf5 Bxf5 25. exf5 Rxd1 26. Qxd1 Rd8 27. Qf3 Nxg2 28. Bxg2 Nh4 29. Qe2 Re8 30. f4 Nxg2 31. Kxg2 Qf6 32. fxe5 Qxe5 1-0

[Event "Niteroi op 1st"]
[Site "Niteroi"]
[Date "2019.09.05"]
[Round "3"]
[White "El Debs, Felipe de Cresce"]
[Black "Donoso Diaz, Sebastian"]
[Result "1-0"]
[WhiteElo "2544"]
[BlackElo "2193"]
[PlyCount "61"]
[EventDate "2019.09.04"]
[EventType "swiss"]
[EventRounds "7"]
[EventCountry "BRA"]
[SourceTitle "EXT 2020"]
[Source "ChessBase"]
[SourceDate "2019.10.17"]
[SourceVersion "1"]
[SourceVersionDate "2019.10.17"]
[SourceQuality "1"]

1. e4 c5 2. Nf3 e6 3. d4 cxd4 4. Nxd4 Nc6 5. Nc3 Qc7 6. Be2 a6 7. 0-0 Nf6 8. Be3 Bb4 9. Nxc6 bxc6 10. f4 Bxc3 11. bxc3 Nxe4 12. Bd3 Nf6 13. Qf3 d6 14. Rab1 Ke7 15. c4 Rb8 16. Rxb8 Qxb8 17. c5 d5 18. Bd4 Ne8 19. c3 f6 20. Rb1 Qc7 21. Re1 Qa5 22. Qg3 Bd7 23. Re2 Qa3 24. h3 Kd8 25. Kh2 h5 26. h4 Rg8 27. Bg6 Qc1 28. Bf7 Rf8 29. Bxe6 g6 30. f5 gxf5 31. Qb8+ 1-0

[Event "Pan American-ch U20"]
[Site "Cochabamba"]
[Date "2019.08.05"]
[Round "7"]
[White "Titichoca Daza, Daniel Henry"]
[Black "Donoso Diaz, Sebastian"]
[Result "0-1"]
[WhiteElo "2143"]
[BlackElo "2309"]
[PlyCount "32"]
[EventDate "2019.08.01"]
[EventType "swiss"]
[EventRounds "9"]
[EventCountry "BOL"]
[SourceTitle "EXT 2021"]
[Source "ChessBase"]
[SourceDate "2020.10.23"]
[SourceVersion "1"]
[SourceVersionDate "2020.10.23"]
[SourceQuality "1"]

1. e4 c5 2. Nf3 e6 3. d4 cxd4 4. Nxd4 a6 5. Nc3 b5 6. a3 Bb7 7. Be3 Nf6 8. Bd3 d6 9. f4 Nbd7 10. 0-0 Nc5 11. Qf3 Be7 12. b4 Nxd3 13. cxd3 Rc8 14. Rac1 Qd7 15. Nb3 0-0 16. Na5 Ba8 0-1